| 000 | 00961nam a2200241 4500 | ||
|---|---|---|---|
| 003 | CO-ViMGA | ||
| 020 | _a9789588787992 | ||
| 040 |
_aCO-ViMGA _bspa _cCO-ViMGA |
||
| 090 | _aC PIN1 | ||
| 100 | 1 |
_aPinto & Chinto _913054 |
|
| 245 | 1 | 0 |
_aCuentos para niños que se duermen enseguida / _cPinto & Chinto |
| 250 | _aEdición especial | ||
| 260 | _aBogotá : Monserrate | ||
| 300 |
_a 63 páginas : _bilustraciones en color ; 24 cm. |
||
| 490 | _aPlan Nacional de Lectura y Escritura Leer es mi Cuento / Ministerio de Cultura | ||
| 500 | _aPinto & Chinto sus nombres de pila son David Pinto y Carlos López \ Recomendado para un público infantil mayor de 6 años | ||
| 650 | 1 | 4 |
_aAutores Españoles _91477 |
| 650 | 1 | 4 |
_aCuentos Infantiles Españoles - Siglo Xx _97945 |
| 650 | 1 | 4 |
_aHistoria De Aventuras - Cuentos Infantiles _913055 |
| 650 | 1 | 4 |
_aLibros Ilustrados Para Niños _987 |
| 650 | 1 | 4 |
_aLiteratura Infantil Española - Siglo Xx _97938 |
| 942 |
_2ddc _cBK |
||
| 999 |
_c8664 _d8664 |
||